Statistics for 重要な漁港

Click here to take the quiz!

General Stats

  • This quiz has been taken 111 times
  • The average score is 7 of 13

Answer Stats

漁港名指定年% Correct
焼津漁港1960年
89%
銚子漁港1951年
86%
境漁港1973年
64%
気仙沼漁港1969年
61%
八戸漁港1960年
58%
石巻漁港1973年
54%
長崎漁港1951年
51%
枕崎漁港1969年
46%
下関漁港1960年
43%
三崎漁港1960年
41%
博多漁港1960年
27%
浜田漁港1952年
21%
塩釜漁港1960年
20%

Score Distribution

Percentile by Number Answered

Percent of People with Each Score

Your Score History

You have not taken this quiz